Phát triển thư viện Matlab/Simulink cho vi điều khiển ARM Cortex-M4 : Báo cáo tổng kết đề tài Khoa học và Công nghệ cấp trường

Xây dựng bộ thư viện ngoại vi ARM tích hợp vào Matlab/Simulink. Đánh giá khả năng ứng dụng và sự tiếp cận của sinh viên qua các buổi báo cáo chuyên đề giới thiệu thư viện đến sinh viên. Từ đó đưa ra một số đánh giá về mức độ tiếp cận...

Πλήρης περιγραφή

Αποθηκεύτηκε σε:
Λεπτομέρειες βιβλιογραφικής εγγραφής
Κύριος συγγραφέας: Nguyễn, Văn Khanh
Μορφή: Βιβλίο
Γλώσσα:Undetermined
Έκδοση: Cần Thơ Trường Đại học Cần Thơ 2016
Θέματα:
Ετικέτες: Προσθήκη ετικέτας
Δεν υπάρχουν, Καταχωρήστε ετικέτα πρώτοι!
Thư viện lưu trữ: Trung tâm Học liệu Trường Đại học Cần Thơ
LEADER 01567nam a2200217Ia 4500
001 CTU_223280
008 210402s9999 xx 000 0 und d
082 |a 629.895 
082 |b Kh107 
088 |a T2016-11 
100 |a Nguyễn, Văn Khanh 
245 0 |a Phát triển thư viện Matlab/Simulink cho vi điều khiển ARM Cortex-M4 : 
245 0 |b Báo cáo tổng kết đề tài Khoa học và Công nghệ cấp trường 
245 0 |c Nguyễn Văn Khanh (Chủ nhiệm đề tài) 
260 |a Cần Thơ 
260 |b Trường Đại học Cần Thơ 
260 |c 2016 
520 |a Xây dựng bộ thư viện ngoại vi ARM tích hợp vào Matlab/Simulink. Đánh giá khả năng ứng dụng và sự tiếp cận của sinh viên qua các buổi báo cáo chuyên đề giới thiệu thư viện đến sinh viên. Từ đó đưa ra một số đánh giá về mức độ tiếp cận của các nhóm sinh viên: biết về vi điều khiển, có biết nhưng chưa sâu, hoàn toàn không biết gì về vi điều khiển. Khả năng đáp ứng các tác vụ đòi hỏi về tốc độ tính toán. Mức độ mong muốn sẽ ứng dụng vi điều khiển này. 
650 |a Bộ điều khiển lập trình,Programmable controllers 
904 |i Trần Thị Kim Ngân,Hải 
980 |a Trung tâm Học liệu Trường Đại học Cần Thơ